Statistiques concernant Le quizz sur Star Wars

Cliquez ici pour prendre le quiz!

Statistiques générales

  • Ce quiz a été pris 777 fois
  • Le résultat moyen est 7 sur 15

Statistiques - réponses

HintRéponse% Correct
Combien Anakin Skywalker a eu d'enfants ?2
91%
Dark Malgus est t'il Empereur ?Non
89%
Combien d'acteur , on du jouer le rôle de Dark Vador dans les films de 1977 ?3
87%
Par qui C3PO a-t'il été crée ? (Dans l'histoire)Anakin Skywalker
75%
Comment s'appelle le père de Boba Fett ?Jango Fett
70%
Au final , comment s'appelle la race de Chewbacca ?Wookie
67%
Dans quelle film , peut-on voir Luke et ses amis sur Endor ?6
60%
Qui est Dark Tyranus ?Comte Dooku
46%
De quelle planète est originaire la race de Chewbacca ?Kashyyyk
38%
Au final , qui est l'apprentie de Anakin Skywalker , dans The Clone Wars ?Ashoka Tano
31%
Qui est le faux apprentie de Dark Vador ?Starkiller
24%
SWTOR ce passe combien d'année avant l'épisode IV ? (En millier)3000
21%
Qui joue dans le robot de R2-D2 dans les films de 1977 ?Kenny Baker
13%
Qui est le maître , du maître de Dark Sidious ?Dark Tenebrous
8%
Qui est le maître de Dark Sidious ?Dark Pleiguis
7%

Distribution des résultats

Percentile par nombre de réponses

% des personnes avec chaque résultat

Votre développement - résultats

Vous n’avez pas pris ce quiz